00826nam a22002057a 450000500170000000800410001702000180005804100080007604400070008408200160009110000360010724501610014326000470030430000290035150400490038065000440042965000840047370000290055770000340058620140331090810.0140331s2010 ck ao gr|||| 00| 0 spa d a9789589771426 aspa ack a580.7bC26f1 aCardona Naranjo, Felipe Alfonso10aFlora de la MielbCentral Hidroeléctrica Miel I - Oriente de CaldascFelipe Alfonso Cardona Naranjo, Heriberto David Higuita, Saúl Ernesto Hoyos Gómez3 aMedellínbUniversidad de Antioquiac2010 a228 p.bil., fot.c22 cm aIncluye bibliografía (páginas 226 - 228) 4aFloravGuía ilustradaxMielzColombia 4aCentral Hidroeléctrica Miel IvGuía ilustradaxPlantas vasculareszColombia1 aHiguita, Heriberto David1 aHoyos Gómez, Saúl Ernesto